000
00317nam a22001457a 4500
008
210302b ||||| |||| 00| 0 eng d
020
_a
0393951502
041
_a
eng
080
_a
82
082
_a
82
100
_a
21
101
_a
GJL
245
_a
Writing A College Handbook
_c
Heffernan, J.A.W
942
_2
udc
_c
BK
999
_c
55458
_d
55458